| 000 | 00402nam a2200145 a 4500 | ||
|---|---|---|---|
| 001 | 000028650 | ||
| 005 | 20200930055046.0 | ||
| 008 | 110411s1998 dr 000 0 spa d | ||
| 040 |
_aDO-SdBNP _bspa _cBNPHU |
||
| 100 | 1 |
_aNadal, Pedro _955621 |
|
| 245 | 1 | 0 |
_aVaso de agua de la memoria / _cPedro Nadal. |
| 260 |
_aSanto Domingo : _bEditorial Tiempo, _c1998. |
||
| 300 |
_a36 p. ; _c22 cm. |
||
| 049 | _aBNPD | ||
| 999 |
_c28142 _d28142 |
||